Special sermons on the family. (Record no. 13243)

000 -LEADER
fixed length control field 00594nam a2200193 a 4500
001 - CONTROL NUMBER
control field :::00011061$&:&@@
003 - CONTROL NUMBER IDENTIFIER
control field OkBaRHE
005 - DATE AND TIME OF LATEST TRANSACTION
control field 20000607103405.0
008 - FIXED-LENGTH DATA ELEMENTS--GENERAL INFORMATION
fixed length control field s1981 j 000 0 eng u
040 ## - CATALOGING SOURCE
Transcribing agency
100 1# - MAIN ENTRY--PERSONAL NAME
Personal name Sweeting, George, 1924-
245 10 - TITLE STATEMENT
Title Special sermons on the family.
260 ## - PUBLICATION, DISTRIBUTION, ETC. (IMPRINT)
Place of publication, distribution, etc Chicago, IL., :
Name of publisher, distributor, etc Moody Press
Date of publication, distribution, etc c1981
300 ## - PHYSICAL DESCRIPTION
Extent 135 p. ;
Dimensions 22 cm.
650 ## - SUBJECT ADDED ENTRY--TOPICAL TERM
Topical term or geographic name as entry element Family
General subdivision Religious Life
-- Sermons
650 ## - SUBJECT ADDED ENTRY--TOPICAL TERM
Topical term or geographic name as entry element Sermons, American
942 ## - ADDED ENTRY ELEMENTS (KOHA)
Source of classification or shelving scheme
Koha item type Books
Copies
Not for loan Barcode Full call number Shelving location Price effective from Date last seen Damaged status Permanent Location Copy number Koha item type Source of classification or shelving scheme Date acquired Lost status Withdrawn status
 11061BV 4526.2 .S768General Stacks2010-04-142010-04-14 RHEMA Bible Training College1Books 2010-04-14